000 00268nam a22001217a 4500
008 170614b xxu||||| |||| 00| 0 eng d
041 _aeng
080 _a32
100 _a19
101 _aSHP
245 _aTHE ASIAN POLITICAL DICTIONARY
_cZILIN.L
942 _2udc
_cBK
999 _c17432
_d17432